|
|
|
|
| LEADER |
00000cam a2200000 7i4500 |
| 001 |
0000278331 |
| 005 |
20200925102653.0 |
| 020 |
|
|
|a 9789672053903
|
| 090 |
0 |
0 |
|a 499.23
|b WAN
|
| 100 |
0 |
|
|a Wan Nor Saedah
|
| 245 |
1 |
0 |
|a Ingat ejaan faham maksud
|c Wan Nor Saedah
|
| 260 |
|
|
|a Cheras, Selangor :
|b Arena Educational Supply ,
|c 2020
|
| 300 |
|
|
|a 52p. :
|b ill. ;
|c 23cm.
|
| 490 |
0 |
|
|a Tinta-tinta bahasa
|
| 650 |
|
0 |
|a Malay language
|
| 650 |
|
0 |
|a Malay language
|x Orthography and spelling
|
| 650 |
|
0 |
|a Malay language
|x Usage
|
| 999 |
|
|
|a 00377464
|b BUKU
|c JUNIOR BOOKS
|e PERPUSTAKAAN KOMUNITI PETALING JAYA
|